000 00677cam a2200253 4500
008 090401t1991 xxu||||| |||| 00| 0 eng d
020 _a0851254705
035 _a(Sirsi) u27351
041 _aeng
050 _a693.97
110 _aBuilding Research Establishment
245 _aTelford steel-clad houses
260 _aGarston, Watford
_bBuilding Research Establishment
_c1991
300 _a6p. : ill. ; 30cm.
350 _a5
490 _aBRE Report
_v189
490 _aBR
_v189
650 _aBUILDING DEFECTS
650 _aPREFABRICATION
650 _aSTEEL CLAD HOUSES
690 _aBUILT ENVIRONMENT-CONSTRUCTION DESIGN
942 _n0
948 _c04/03/1997
999 _c89099
_d89099